000 01321nac a22002531u 4500
010 _a 85018705
020 _a0631135545
020 _a0631142797 (pbk.)
082 0 0 _a372.6
_bCAS
090 _c5967
_d5967
100 _aCashdan, Asher [ed.]
245 0 0 _aLiteracy :
_bteaching and learning language skills /
_cedited by Asher Cashdan.
260 _aOxford, UK ;
_aNew York, NY, USA :
_bBlackwell,c.1986.
_cc.1986.
300 _avi, 200 p. ;
_c23 cm.
500 _aDistributer: Al-Ahram.
504 _aIncludes bibliographies and index.
505 0 _aLanguage and the curriculum / Asher Cashdan -- Styles of interaction and opportunities for learning / Gordon Wells -- Cognitive processes in reading and spelling / Geoffrey and Jean Underwood -- New directions in text research and readability / Colin Harrison -- Children as writers / John Harris -- Hearing children read / Helen Arnold -- Information skills through project work -- David Wray -- The microcomputer revolution in reading / David Williams -- Classroom-based assessment / Peter Brinton -- What's wrong with teaching reading? / John Merritt.
511 _aCatalogued By: Mahitab.
650 0 _aLanguage arts.
650 0 _aReading.
650 0 _aLearning.
650 0 _aLiteracy.
942 _cBB
_k372.6CAS
999 _c5967
_d5967